| 000 | 00697nam a22002057a 4500 | ||
|---|---|---|---|
| 003 | OSt | ||
| 005 | 20251124105311.0 | ||
| 008 | 251124b |||||||| |||| 00| 0 eng d | ||
| 020 | _a978-971-95737-0-8 | ||
| 040 |
_aDWCL-Main lib _cOC |
||
| 082 | _aSC. 923.79 B116d 2013 | ||
| 100 | _aBacares, Randy P. | ||
| 245 |
_aDr. Jaime Hernandez : _b a biographical sketch/ _cRandy P. Bacares |
||
| 260 |
_aNaga City : _b AMS Press, _c c2013. |
||
| 300 |
_ax, 77 pages : _b black & white photos ; _c23 cm. |
||
| 500 | _aIncludes bibliography | ||
| 650 | _a1. Biography--Jaime Hernandez, 1892-1986. | ||
| 650 | _a2. Personal narratives--Jaime Hernandez--Bikolano educator. | ||
| 942 |
_2ddc _cSC _kSC. _n0 |
||
| 999 |
_c6060 _d6060 |
||